Giáo trình máy thu hoạch

Trong giáo trình này sẽ giới thiệu sự phát triển các loại máy thu hoạch, đặc biệt là với cây lúa, tất nhiên cũng không thể tách rời việc thu hoạch các loại cây khác như cây bắp, cây mía, khoai lang...

Guardado en:
Detalles Bibliográficos
Autor principal: Nguyễn, Quang Lộc
Formato: Libro
Lenguaje:Undetermined
Publicado: Thành phố Hồ Chí Minh Trường đại học Nông Lâm 1998
Materias:
Etiquetas: Agregar Etiqueta
Sin Etiquetas, Sea el primero en etiquetar este registro!
Thư viện lưu trữ: Trung tâm Học liệu Trường Đại học Cần Thơ
LEADER 00870nam a2200193Ia 4500
001 CTU_23984
008 210402s9999 xx 000 0 und d
082 |a 631.3 
082 |b L451 
100 |a Nguyễn, Quang Lộc 
245 0 |a Giáo trình máy thu hoạch 
245 0 |c Nguyễn Quang Lộc 
260 |a Thành phố Hồ Chí Minh 
260 |b Trường đại học Nông Lâm 
260 |c 1998 
520 |a Trong giáo trình này sẽ giới thiệu sự phát triển các loại máy thu hoạch, đặc biệt là với cây lúa, tất nhiên cũng không thể tách rời việc thu hoạch các loại cây khác như cây bắp, cây mía, khoai lang... 
650 |a Agricultural machinery 
904 |i Thơm, Hải 
980 |a Trung tâm Học liệu Trường Đại học Cần Thơ